[Event "COLOSSEUM 111"]
[Site "playchess.com #021503"]
[Date "2010.06.15"]
[Round "8"]
[White "Stoleriu , George"]
[Black "dibaci2"]
[Result "1-0"]
[WhiteElo "1335"]
[BlackElo "1629"]
[PlyCount "83"]
[EventDate "2010.06.15"]
[EventType "swiss (blitz)"]

1. e4 {[%emt 0:00:02]} e6 {[%emt 0:00:01]} 2. d4 {[%emt 0:00:02]} d5 {
[%emt 0:00:00]} 3. exd5 {[%emt 0:00:01]} exd5 {[%emt 0:00:01]} 4. c4 {
[%emt 0:00:05]} c6 {[%emt 0:00:01]} 5. cxd5 {[%emt 0:00:02]} cxd5 {
[%emt 0:00:03]} 6. Bb5+ {[%emt 0:00:01]} Nc6 {[%emt 0:00:02]} 7. Nf3 {
[%emt 0:00:03]} Bg4 {[%emt 0:00:00]} 8. h3 {[%emt 0:00:02]} Bh5 {[%emt 0:00:02]
} 9. Nc3 {[%emt 0:00:03]} Nf6 {[%emt 0:00:08]} 10. Bg5 {[%emt 0:00:02]} Be7 {
[%emt 0:00:06]} 11. O-O {[%emt 0:00:00]} O-O {[%emt 0:00:02]} 12. Bxc6 {
[%emt 0:00:02]} bxc6 {[%emt 0:00:01]} 13. Qd3 {[%emt 0:00:02]} Bg6 {
[%emt 0:00:04]} 14. Qe3 {[%emt 0:00:02]} h6 {[%emt 0:00:08]} 15. Bh4 {
[%emt 0:00:08]} Rb8 {[%emt 0:00:07]} 16. Rfe1 {[%emt 0:00:03]} Bd6 {
[%emt 0:00:10]} 17. b3 {[%emt 0:00:13]} Re8 {[%emt 0:00:07]} 18. Qd2 {
[%emt 0:00:03]} Bb4 {[%emt 0:00:04]} 19. Rxe8+ {[%emt 0:00:05]} Qxe8 {
[%emt 0:00:03]} 20. Bxf6 {[%emt 0:00:05]} gxf6 {[%emt 0:00:03]} 21. Rc1 {
[%emt 0:00:05]} Kg7 {[%emt 0:00:05]} 22. Qb2 {[%emt 0:00:09]} Be4 {
[%emt 0:00:09]} 23. Nxe4 {[%emt 0:00:03]} dxe4 {[%emt 0:00:05]} 24. Nh4 {
[%emt 0:00:25]} Qe6 {[%emt 0:00:09]} 25. Kh1 {[%emt 0:00:12]} Be7 {
[%emt 0:00:12]} 26. Kg1 {[%emt 0:00:00]} Kg8 {[%emt 0:00:03]} 27. g4 {
[%emt 0:00:05]} Re8 {[%emt 0:00:14]} 28. Nf5 {[%emt 0:00:04]} Bf8 {
[%emt 0:00:07]} 29. Qd2 {[%emt 0:00:06]} Kh7 {[%emt 0:00:09]} 30. Re1 {
[%emt 0:00:05]} Qd5 {[%emt 0:00:07]} 31. Re2 {[%emt 0:00:08]} c5 {
[%emt 0:00:04]} 32. dxc5 {[%emt 0:00:02]} Qxd2 {[%emt 0:00:02]} 33. Rxd2 {
[%emt 0:00:01]} Bxc5 {[%emt 0:00:01]} 34. Rd7 {[%emt 0:00:01]} Kg6 {
[%emt 0:00:00]} 35. Nh4+ {[%emt 0:00:02]} Kg7 {[%emt 0:00:02]} 36. Nf5+ {
[%emt 0:00:01]} Kg8 {[%emt 0:00:02]} 37. Nh4 {[%emt 0:00:00]} e3 {
[%emt 0:00:02]} 38. fxe3 {[%emt 0:00:01]} Bxe3+ {[%emt 0:00:02]} 39. Kf1 {
[%emt 0:00:00]} Bg5 {[%emt 0:00:00]} 40. Rd5 {[%emt 0:00:02]} Rc8 {
[%emt 0:00:04]} 41. Rd4 {[%emt 0:00:00]} Rc1+ {[%emt 0:00:01]} 42. Kf2 {
Time [%emt 0:00:00]} 1-0

[Event "COLOSSEUM 111"]
[Site "playchess.com #021503"]
[Date "2010.06.15"]
[Round "9"]
[White "Stoleriu , George"]
[Black "Srebrni"]
[Result "0-1"]
[WhiteElo "1364"]
[BlackElo "1717"]
[PlyCount "66"]
[EventDate "2010.06.15"]
[EventType "swiss (blitz)"]

1. e4 {[%emt 0:00:01]} e6 {[%emt 0:00:02]} 2. d4 {[%emt 0:00:02]} d5 {
[%emt 0:00:00]} 3. exd5 {[%emt 0:00:01]} exd5 {[%emt 0:00:02]} 4. c4 {
[%emt 0:00:01]} Nf6 {[%emt 0:00:01]} 5. Bg5 {[%emt 0:00:02]} c6 {[%emt 0:00:02]
} 6. cxd5 {[%emt 0:00:01]} cxd5 {[%emt 0:00:02]} 7. Bb5+ {[%emt 0:00:01]} Nc6 {
[%emt 0:00:00]} 8. Nc3 {[%emt 0:00:03]} Be7 {[%emt 0:00:03]} 9. Nf3 {
[%emt 0:00:02]} O-O {[%emt 0:00:02]} 10. Bxc6 {[%emt 0:00:02]} bxc6 {
[%emt 0:00:02]} 11. O-O {[%emt 0:00:01]} Bg4 {[%emt 0:00:11]} 12. h3 {
[%emt 0:00:02]} Bh5 {[%emt 0:00:02]} 13. Re1 {[%emt 0:00:06]} h6 {
[%emt 0:00:05]} 14. Bh4 {[%emt 0:00:04]} Re8 {[%emt 0:00:00]} 15. Qa4 {
[%emt 0:00:12]} Bxf3 {[%emt 0:00:07]} 16. gxf3 {[%emt 0:00:02]} Qd7 {
[%emt 0:00:01]} 17. Kg2 {[%emt 0:00:02]} Nh5 {[%emt 0:00:09]} 18. Bxe7 {
[%emt 0:00:09]} Rxe7 {[%emt 0:00:11]} 19. Rxe7 {[%emt 0:00:02]} Qxe7 {
[%emt 0:00:00]} 20. Qxc6 {[%emt 0:00:02]} Qg5+ {[%emt 0:00:02]} 21. Kh1 {
[%emt 0:00:04]} Rd8 {[%emt 0:00:12]} 22. Qc7 {[%emt 0:00:20]} Nf4 {
[%emt 0:00:04]} 23. Rg1 {[%emt 0:00:18]} Qf6 {[%emt 0:00:04]} 24. Rg3 {
[%emt 0:00:07]} Re8 {[%emt 0:00:00]} 25. Kh2 {[%emt 0:00:17]} Qxd4 {
[%emt 0:00:09]} 26. Nd1 {[%emt 0:00:41]} Re1 {' [%emt 0:00:32]} 27. Ne3 {
[%emt 0:00:03]} Rxe3 {[%emt 0:00:31]} 28. fxe3 {[%emt 0:00:02]} Qxe3 {
[%emt 0:00:01]} 29. Qd8+ {[%emt 0:00:01]} Kh7 {[%emt 0:00:00]} 30. Qc7 {
[%emt 0:00:03]} Qf2+ {[%emt 0:00:02]} 31. Kh1 {[%emt 0:00:01]} Qf1+ {
[%emt 0:00:01]} 32. Kh2 {[%emt 0:00:02]} Qf2+ {[%emt 0:00:01]} 33. Kh1 {
[%emt 0:00:01]} Qxg3 {Time [%emt 0:00:00]} 0-1

[Event "COLOSSEUM 111"]
[Site "playchess.com #021503"]
[Date "2010.06.15"]
[Round "10"]
[White "traian"]
[Black "Stoleriu , George"]
[Result "1-0"]
[WhiteElo "1610"]
[BlackElo "1360"]
[PlyCount "49"]
[EventDate "2010.06.15"]
[EventType "swiss (blitz)"]

1. e4 {[%emt 0:00:04]} c5 {[%emt 0:00:02]} 2. c3 {[%emt 0:00:03]} d6 {
[%emt 0:00:00]} 3. d4 {[%emt 0:00:02]} cxd4 {[%emt 0:00:01]} 4. cxd4 {
[%emt 0:00:01]} Nf6 {[%emt 0:00:01]} 5. Nc3 {[%emt 0:00:03]} a6 {[%emt 0:00:01]
} 6. Nf3 {[%emt 0:00:02]} b5 {[%emt 0:00:01]} 7. a3 {[%emt 0:00:02]} Bb7 {
[%emt 0:00:02]} 8. Bd3 {[%emt 0:00:03]} Nbd7 {[%emt 0:00:01]} 9. O-O {
[%emt 0:00:01]} e6 {[%emt 0:00:00]} 10. Re1 {[%emt 0:00:02]} Be7 {
[%emt 0:00:01]} 11. Bg5 {[%emt 0:00:05]} O-O {[%emt 0:00:01]} 12. Qd2 {
[%emt 0:00:04]} Rc8 {[%emt 0:00:06]} 13. Rad1 {[%emt 0:00:04]} d5 {
[%emt 0:00:12]} 14. e5 {[%emt 0:00:03]} Ne8 {[%emt 0:00:02]} 15. Bxe7 {
[%emt 0:00:04]} Qxe7 {[%emt 0:00:01]} 16. Ng5 {[%emt 0:00:03]} h6 {
[%emt 0:00:02]} 17. Nh7 {[%emt 0:00:04]} Nc7 {[%emt 0:00:07]} 18. Nxf8 {
[%emt 0:00:02]} Kxf8 {[%emt 0:00:01]} 19. Qf4 {[%emt 0:00:03]} Kg8 {
[%emt 0:00:10]} 20. Re3 {[%emt 0:00:03]} Nb6 {[%emt 0:00:02]} 21. Rg3 {
[%emt 0:00:03]} Ne8 {[%emt 0:00:02]} 22. Qxh6 {[%emt 0:00:03]} g6 {
[%emt 0:00:16]} 23. Rh3 {[%emt 0:00:00]} Qf6 {[%emt 0:00:21]} 24. exf6 {
[%emt 0:00:04]} Nxf6 {[%emt 0:00:14]} 25. Qh8# {[%emt 0:00:04]} 1-0

[Event "COLOSSEUM 111"]
[Site "playchess.com #021503"]
[Date "2010.06.15"]
[Round "11"]
[White "Stoleriu , George"]
[Black "Jorjinioforever"]
[Result "0-1"]
[WhiteElo "1353"]
[BlackElo "2417"]
[PlyCount "104"]
[EventDate "2010.06.15"]
[EventType "swiss (blitz)"]

1. e4 {[%emt 0:00:04]} c6 {[%emt 0:00:01]} 2. d4 {[%emt 0:00:02]} d5 {
[%emt 0:00:00]} 3. exd5 {[%emt 0:00:01]} cxd5 {[%emt 0:00:00]} 4. c4 {
[%emt 0:00:01]} Nf6 {[%emt 0:00:01]} 5. Nc3 {[%emt 0:00:05]} Nc6 {
[%emt 0:00:01]} 6. Be3 {[%emt 0:00:06]} e6 {[%emt 0:00:02]} 7. cxd5 {
[%emt 0:00:03]} Nxd5 {[%emt 0:00:00]} 8. Nxd5 {[%emt 0:00:02]} Qxd5 {
[%emt 0:00:01]} 9. Nf3 {[%emt 0:00:03]} Bb4+ {[%emt 0:00:01]} 10. Bd2 {
Georgestoleriu offers a draw [%emt 0:00:11]} Qa5 {[%emt 0:00:19]} 11. Bxb4 {
[%emt 0:00:05]} Nxb4 {[%emt 0:00:01]} 12. Nd2 {[%emt 0:00:09]} O-O {
[%emt 0:00:27]} 13. Be2 {[%emt 0:00:08]} Bd7 {[%emt 0:00:00]} 14. O-O {
[%emt 0:00:04]} Bc6 {[%emt 0:00:03]} 15. Nc4 {[%emt 0:00:06]} Qd8 {
[%emt 0:00:07]} 16. a3 {[%emt 0:00:08]} Nd5 {
Georgestoleriu offers a draw [%emt 0:00:09]} 17. Ne5 {[%emt 0:00:11]} Rc8 {
[%emt 0:00:06]} 18. Rc1 {[%emt 0:00:00]} Nf4 {[%emt 0:00:05]} 19. Nxc6 {
[%emt 0:00:03]} Rxc6 {[%emt 0:00:11]} 20. Rxc6 {[%emt 0:00:06]} bxc6 {
[%emt 0:00:01]} 21. Bf3 {[%emt 0:00:02]} Qd6 {[%emt 0:00:02]} 22. Qd2 {
[%emt 0:00:04]} Nd5 {[%emt 0:00:19]} 23. Rc1 {[%emt 0:00:00]} Rd8 {
[%emt 0:00:03]} 24. Bxd5 {[%emt 0:00:07]} Qxd5 {[%emt 0:00:05]} 25. h3 {
[%emt 0:00:04]} c5 {[%emt 0:00:04]} 26. Qa5 {[%emt 0:00:09]} Qxd4 {
[%emt 0:00:13]} 27. Qxa7 {[%emt 0:00:02]} g6 {[%emt 0:00:07]} 28. Qxc5 {
[%emt 0:00:04]} Qxb2 {[%emt 0:00:01]} 29. Kh2 {[%emt 0:00:03]} Rd2 {
[%emt 0:00:01]} 30. Kg3 {[%emt 0:00:15]} h5 {[%emt 0:00:04]} 31. h4 {
[%emt 0:00:02]} Rd5 {[%emt 0:00:02]} 32. Qc8+ {[%emt 0:00:05]} Kg7 {
[%emt 0:00:01]} 33. Qc3+ {[%emt 0:00:03]} Qxc3+ {[%emt 0:00:01]} 34. Rxc3 {
[%emt 0:00:01]} Rd2 {[%emt 0:00:00]} 35. Rf3 {[%emt 0:00:06]} Ra2 {
[%emt 0:00:01]} 36. Kh3 {[%emt 0:00:02]} Kf8 {[%emt 0:00:00]} 37. Kg3 {
[%emt 0:00:01]} Ke7 {[%emt 0:00:00]} 38. Kh3 {[%emt 0:00:00]} f6 {
[%emt 0:00:01]} 39. Kg3 {[%emt 0:00:00]} e5 {[%emt 0:00:00]} 40. Kh3 {
[%emt 0:00:00]} Ke6 {[%emt 0:00:00]} 41. Kg3 {[%emt 0:00:00]} f5 {
[%emt 0:00:00]} 42. Kh3 {[%emt 0:00:01]} e4 {[%emt 0:00:00]} 43. Re3 {
[%emt 0:00:01]} Kf6 {[%emt 0:00:00]} 44. Rc3 {[%emt 0:00:01]} Rb2 {
[%emt 0:00:01]} 45. Re3 {[%emt 0:00:01]} Ra2 {[%emt 0:00:00]} 46. Kg3 {
[%emt 0:00:02]} Ra1 {[%emt 0:00:00]} 47. Kh3 {[%emt 0:00:00]} Ke5 {
[%emt 0:00:01]} 48. Kg3 {[%emt 0:00:00]} f4+ {[%emt 0:00:00]} 49. Kh3 {
[%emt 0:00:00]} fxe3 {[%emt 0:00:00]} 50. Kh2 {[%emt 0:00:00]} Rxa3 {
[%emt 0:00:01]} 51. Kh3 {[%emt 0:00:00]} Ra2 {[%emt 0:00:00]} 52. Kh2 {
[%emt 0:00:00]} Ra1 {Time [%emt 0:00:00]} 0-1